000 00357nam a2200121 4500
999 _c10712
_d10712
008 180918b ||||| |||| 00| 0 eng d
100 _931249
_ade Vera O. Ben
245 _aRailroaded cigarette tax bill slammed/
_cBen O. de Vera
260 _aPhilippines
_bPhilippine Daily Inquirer
_cc2016
300 _apage B3.
650 0 _937132
_aLaw.
942 _2ddc
_cPER